000 00412nam a22001577a 4500
005 20250308121849.0
008 250308b |||||||| |||| 00| 0 eng d
020 _a9780751751284
050 _aHD58
_b.7 ORG
110 _aICSA
245 _aOrganisation and the human resource;
_bfoundation paper 4
250 _a6th
260 _aLondon
_bBPP Publishing Ltd.
_cc2000
300 _axii, 342p
942 _2lcc
_cBK
_n0
999 _c4590
_d4590